Online
Catalog

Operaciones fundamentales en los conjuntos numéricos / (Record no. 2032)

MARC details
000 -CABECERA
campo de control de longitud fija 00912nam a2200241 u 4500
001 - NÚMERO DE CONTROL
campo de control 000002184
005 - FECHA Y HORA DE LA ÚLTIMA TRANSACCIÓN
campo de control 20200929150154.0
008 - DATOS DE LONGITUD FIJA--INFORMACIÓN GENERAL
campo de control de longitud fija 090701s2007 dr r 000 0 spa d
020 ## - NÚMERO INTERNACIONAL ESTÁNDAR DEL LIBRO
Número Internacional Estándar del Libro 8495193264
040 ## - FUENTE DE LA CATALOGACIÓN
Centro catalogador/agencia de origen DO-SdBNP
Lengua de catalogación spa
Centro/agencia transcriptor BNPHU
082 ## - NÚMERO DE LA CLASIFICACIÓN DECIMAL DEWEY
Número de clasificación 511.32
Número de documento/Ítem S237o, 2007
100 1# - ENTRADA PRINCIPAL--NOMBRE DE PERSONA
Nombre de persona Santos, Félix
9 (RLIN) 6962
245 10 - MENCIÓN DE TÍTULO
Título Operaciones fundamentales en los conjuntos numéricos /
Mención de responsabilidad, etc. Félix Santos.
250 ## - MENCIÓN DE EDICIÓN
Mención de edición 2a ed.
260 ## - PUBLICACIÓN, DISTRIBUCIÓN, ETC.
Lugar de publicación, distribución, etc. Santiago de los Caballeros, República Domonicana :
Nombre del editor, distribuidor, etc. Universidad Abierta para Adultos, UAPA.,
Fecha de publicación, distribución, etc. 2007.
300 ## - DESCRIPCIÓN FÍSICA
Extensión 147 p. ;
Dimensiones 23 cm.
500 ## - NOTA GENERAL
Nota general En la portada: Curso propedéutico de matemáticas para el autoaprendizaje.
504 ## - NOTA DE BIBLIOGRAFÍA, ETC.
Nota de bibliografía, etc. Bibliografía : p. 147
590 ## - NOTA LOCAL (RLIN)
Nota local Inventariado, 2018/BT
650 #4 - PUNTO DE ACCESO ADICIONAL DE MATERIA--TÉRMINO DE MATERIA
Término de materia o nombre geográfico como elemento de entrada Teoría de los conjuntos
Subdivisión general Enseñanza
9 (RLIN) 6963
650 #4 - PUNTO DE ACCESO ADICIONAL DE MATERIA--TÉRMINO DE MATERIA
Término de materia o nombre geográfico como elemento de entrada Teoría de los conjuntos
Subdivisión general Problemas, ejercicios, etc.
9 (RLIN) 6964
910 ## - DATOS DE OPCIÓN DEL USUARIO (OCLC)
Datos de opción del usuario Validado. Control de calidad MMOLINA
Holdings
Estado de retiro Estado de pérdida Restricciones de uso No para préstamo Código de colección Localización permanente Ubicación/localización actual Ubicación en estantería Fecha de adquisición Número de inventario Total de préstamos Signatura topográfica completa Código de barras Fecha visto por última vez Número de copia Precio válido a partir de Tipo de ítem Koha Fuente de adquisición
        Dominicana de Servicio General General Depósito 16.09.2009 LF1   511.32 S237o, 2007 2184-40 25.06.2020 e.4 25.06.2020 Libro y Folleto Colección Dominicana de Servicio  
        Dominicana de Servicio General General Depósito 11.04.2011 LF1   511.32 S237o, 2007 2184-50 25.06.2020 e.5 25.06.2020 Libro y Folleto Colección Dominicana de Servicio  
        Dominicana de Servicio General General Depósito 01.07.2009 LF1   511.32 S237o, 2007 2184-30 25.06.2020 e.3 25.06.2020 Libro y Folleto Colección Dominicana de Servicio 000531
      Excluido de préstamo Patrimonio Dominicano Patrimonio Dominicano Patrimonio Dominicano Depósito 01.07.2009 LF1   511.32 S237o, 2007 2184-10 25.06.2020   25.06.2020 Libro y Folleto Colección Patrimonio Dominicano 000529
      Excluido de préstamo Patrimonio Dominicano Patrimonio Dominicano Patrimonio Dominicano Depósito 01.07.2009 LF1   511.32 S237o, 2007 2184-20 25.06.2020 e.2 25.06.2020 Libro y Folleto Colección Patrimonio Dominicano 000530

Powered by Koha